Voľný pohyb pracovníkov po rozšírení Európskej únie
Voľný pohyb osôb je jednou zo základných ekonomických slobôd, ktoré zaručuje právo EÚ. Zabraňuje členským štátom priamo alebo nepriamo diskriminovať pracovníkov v oblasti zamestnania na základe ich národnosti. Súčasne zabezpečuje rovnaké zaobchádzanie. Dopady voľného pohybu pracovníkov v kontexte ro...
Saved in:
| Main Author: | |
|---|---|
| Format: | Book Chapter |
| Language: | Slovak |
| Subjects: | |
| Tags: |
No Tags, Be the first to tag this record!
|
MARC
| LEADER | 00000nla$a2200000$$$4500 | ||
|---|---|---|---|
| 001 | 0127760 | ||
| 005 | 20240502072444.9 | ||
| 041 | 0 | |a slo | |
| 044 | |a SK | ||
| 245 | 1 | 0 | |a Voľný pohyb pracovníkov po rozšírení Európskej únie |c Beáta Lipková |
| 520 | |a Voľný pohyb osôb je jednou zo základných ekonomických slobôd, ktoré zaručuje právo EÚ. Zabraňuje členským štátom priamo alebo nepriamo diskriminovať pracovníkov v oblasti zamestnania na základe ich národnosti. Súčasne zabezpečuje rovnaké zaobchádzanie. Dopady voľného pohybu pracovníkov v kontexte rozšírenia EÚ a dočasného obmedzenia prístupu na trhy práce členských štátov EÚ 15. Uznávanie kvalifikácie medzi členskými štátmi EÚ. | ||
| 610 | 2 | 0 | |a pohyb síl pracovných medzinárodný |
| 610 | 2 | 0 | |a legislatíva |
| 610 | 2 | 0 | |a Európska únia |
| 610 | 2 | 0 | |a trh práce |
| 100 | 1 | |a Lipková, Beata | |